00393 2200133 4500001002100000005001500021035002000036245008800056100002800144260004100172082000800213084001400221990002400235INLIS00000000000250720250604113146 a0010-06250000931 aO Amuk kapak tiga kumpulan sajak Bachri Sutardji Calzoum /cSutardji Calzoum Bachri0 aSutardji Calzoum Bachri aJakarta :bYayasan Bumi Putra,c2002 a800 a800 SUT o a02.1730 s/d 02.1739